[Event "GER-chT U16 Girls"]
[Site "Magdeburg"]
[Date "2023.12.28"]
[Round "4.5"]
[White "Huber, Laura"]
[Black "Bauer, Sophia"]
[Result "1-0"]
[WhiteElo "1417"]
[BlackElo "1121"]
[PlyCount "109"]
[EventDate "2023.12.26"]
[EventType "team-swiss"]
[EventRounds "7"]
[EventCountry "GER"]
[SourceTitle "CB03_2024"]
[SourceDate "2024.01.17"]
[SourceVersion "1"]
[SourceVersionDate "2024.01.17"]
[SourceQuality "1"]
[WhiteTeam "Garching"]
[BlackTeam "Weisse Dame"]
[WhiteTeamCountry "GER"]
[BlackTeamCountry "GER"]

1. e4 e5 2. Nc3 Nf6 3. f4 exf4 4. e5 Ng8 5. Nf3 d6 6. d4 dxe5 7. Qe2 Be6 8. dxe5 Nc6 9. Bxf4 Bb4 10. Bd2 Nd4 11. Nxd4 Qxd4 12. h3 0-0-0 13. 0-0-0 Bxc3 14. Bxc3 Qxd1+ 15. Qxd1 Rxd1+ 16. Kxd1 Ne7 17. Bd3 Nd5 18. Bd2 Re8 19. Re1 c6 20. a3 h6 21. c4 Nb6 22. b3 Nd7 23. Bb4 Rd8 24. Kc2 c5 25. Bc3 Nf8 26. Re3 Kc7 27. Rg3 g6 28. Rf3 Nh7 29. h4 Nf8 30. Bd2 h5 31. Bh6 Kd7 32. Bxf8 Rxf8 33. Bxg6 Bg4 34. Rxf7+ Rxf7 35. Bxf7 Ke7 36. Bd5 b6 37. b4 cxb4 38. axb4 Be6 39. Kd3 Bf5+ 40. Be4 Bxe4+ 41. Kxe4 a5 42. bxa5 bxa5 43. Kd4 a4 44. Kc3 a3 45. Kb3 a2 46. Kxa2 Ke6 47. Kb3 Kxe5 48. Kb4 Kd6 49. Kb5 Kc7 50. Kc5 Kd7 51. Kb6 Kc8 52. Kc6 Kd8 53. Kb7 Kd7 54. c5 Kd8 55. c6 1-0

[Event "GER-chT U16 Girls"]
[Site "Magdeburg"]
[Date "2023.12.27"]
[Round "2.3"]
[White "Krasikova, Milana"]
[Black "Huber, Laura"]
[Result "0-1"]
[WhiteElo "1290"]
[BlackElo "1417"]
[PlyCount "76"]
[EventDate "2023.12.26"]
[EventType "team-swiss"]
[EventRounds "7"]
[EventCountry "GER"]
[SourceTitle "CB03_2024"]
[SourceDate "2024.01.17"]
[SourceVersion "1"]
[SourceVersionDate "2024.01.17"]
[SourceQuality "1"]
[WhiteTeam "Hamburger SK"]
[BlackTeam "Garching"]
[WhiteTeamCountry "GER"]
[BlackTeamCountry "GER"]

1. e4 c6 2. d4 d5 3. f3 e6 4. Nc3 Bd6 5. Bd3 Qh4+ 6. Kf1 Qd8 7. Nge2 Ne7 8. Be3 Nd7 9. Ng3 Ng6 10. Qd2 0-0 11. Re1 Be7 12. f4 c5 13. exd5 cxd4 14. Bxd4 Nb8 15. Bxg6 hxg6 16. dxe6 Bxe6 17. Qe3 Nc6 18. Rd1 Qc7 19. Kf2 Nxd4 20. Rxd4 Bc5 21. Rhd1 Rad8 22. Kf1 Bxd4 23. Rxd4 Rxd4 24. Qxd4 Qc4+ 25. Qxc4 Bxc4+ 26. Nge2 Re8 27. a3 Re6 28. g3 Rd6 29. Ke1 Be6 30. Nb5 Rb6 31. Nxa7 Rxb2 32. Nd4 Bd7 33. a4 Bxa4 34. Nc8 Bxc2 35. Nxc2 Rxc2 36. Nd6 b6 37. Kd1 Rxh2 38. Nc4 b5 0-1

[Event "GER-ch U14 Girls"]
[Site "Willingen"]
[Date "2023.05.31"]
[Round "6"]
[White "Hoffmann, Svenja"]
[Black "Huber, Laura"]
[Result "1/2-1/2"]
[WhiteElo "1491"]
[BlackElo "1388"]
[PlyCount "124"]
[EventDate "2023.05.27"]
[EventType "swiss"]
[EventRounds "9"]
[EventCountry "GER"]
[SourceTitle "CBM 214 Extra"]
[Source "ChessBase"]
[SourceDate "2023.07.31"]
[SourceVersion "1"]
[SourceVersionDate "2023.07.31"]
[SourceQuality "1"]

1. e4 e5 2. Nf3 Nf6 3. Nxe5 d6 4. Nf3 Nxe4 5. Nc3 Nxc3 6. dxc3 d5 7. Be3 Be7 8. Qd2 c6 9. 0-0-0 Qa5 10. Kb1 Nd7 11. Bd3 Nf6 12. Rhe1 Bd7 13. Nd4 0-0-0 14. Nb3 Qc7 15. Bxa7 Rhe8 16. Be3 Bd6 17. g3 Ng4 18. h3 Nxe3 19. Rxe3 Bxh3 20. Rh1 Qd7 21. Qe2 Rxe3 22. Qxe3 h6 23. Qb6 Bg4 24. Na5 Qc7 25. Qa7 Qb8 26. Qd4 Be6 27. Nb3 Be5 28. Qa4 Qd6 29. Na5 Qc5 30. f4 Bf6 31. f5 Bd7 32. c4 dxc4 33. Nxc4 Bxf5 34. b4 Qf2 35. Qa8+ Kc7 36. Qa5+ Kb8 37. Qxf5 Qd4 38. Qf4+ Qxf4 39. gxf4 Rd4 40. f5 b5 41. Ne3 Rxb4+ 42. Kc1 Ra4 43. Kd2 Rxa2 44. Rb1 Kc7 45. Be4 Ra4 46. Bd3 Rh4 47. Re1 Rh2+ 48. Re2 Rxe2+ 49. Bxe2 g6 50. fxg6 fxg6 51. Bd3 g5 52. Be2 Be7 53. Nf5 Bf8 54. Ke3 Kb6 55. Kd4 c5+ 56. Kd5 c4 57. Kd4 Ka5 58. Kc3 Bb4+ 59. Kb2 Bf8 60. Kc3 Bb4+ 61. Kd4 Bf8 62. Kc3 Bb4+ 1/2-1/2

[Event "GER-ch U14 Girls"]
[Site "Willingen"]
[Date "2023.05.31"]
[Round "5"]
[White "Huber, Laura"]
[Black "Hergenroeder, Cora"]
[Result "1/2-1/2"]
[WhiteElo "1388"]
[BlackElo "1466"]
[PlyCount "40"]
[EventDate "2023.05.27"]
[EventType "swiss"]
[EventRounds "9"]
[EventCountry "GER"]
[SourceTitle "CBM 214 Extra"]
[Source "ChessBase"]
[SourceDate "2023.07.31"]
[SourceVersion "1"]
[SourceVersionDate "2023.07.31"]
[SourceQuality "1"]

1. d4 d5 2. Nf3 e6 3. e3 Nf6 4. Bd3 c5 5. b3 Nc6 6. a3 cxd4 7. exd4 Qc7 8. Bb2 Bd6 9. 0-0 0-0 10. Re1 b6 11. Nbd2 Rd8 12. Ne5 Bxe5 13. dxe5 Nd7 14. Qh5 Nf8 15. f4 a5 16. Re3 Ne7 17. Rh3 Neg6 18. Qg5 Qe7 19. Qg3 Ba6 20. Bxa6 Rxa6 1/2-1/2

[Event "GER-ch U14 Girls"]
[Site "Willingen"]
[Date "2023.05.29"]
[Round "3"]
[White "Huber, Laura"]
[Black "Bauer, Laura Sophie"]
[Result "1/2-1/2"]
[WhiteElo "1388"]
[BlackElo "1627"]
[PlyCount "43"]
[EventDate "2023.05.27"]
[EventType "swiss"]
[EventRounds "9"]
[EventCountry "GER"]
[SourceTitle "CBM 214 Extra"]
[Source "ChessBase"]
[SourceDate "2023.07.31"]
[SourceVersion "1"]
[SourceVersionDate "2023.07.31"]
[SourceQuality "1"]

1. e4 c5 2. Be2 g6 3. f4 Bg7 4. Nf3 Nc6 5. d3 e6 6. 0-0 Nge7 7. c3 Qb6 8. Kh1 d5 9. Na3 a6 10. Qe1 Qd8 11. Nc2 b5 12. Be3 d4 13. cxd4 Nxd4 14. Ncxd4 cxd4 15. Bd2 Bb7 16. e5 Nf5 17. Qf2 0-0 18. Ng5 Qd7 19. Ne4 Rfc8 20. Rac1 Bxe4 21. dxe4 d3 22. exf5 1/2-1/2

[Event "GER-chT U16"]
[Site "Darmstadt"]
[Date "2022.12.29"]
[Round "6"]
[White "Atze, Reinhard"]
[Black "Huber, Laura"]
[Result "0-1"]
[WhiteElo "1329"]
[BlackElo "1357"]
[PlyCount "36"]
[EventDate "2022.12.26"]
[EventType "team-swiss"]
[EventRounds "7"]
[EventCountry "GER"]
[SourceTitle "CBM 212 Extra"]
[Source "ChessBase"]
[SourceDate "2023.03.31"]
[SourceVersion "1"]
[SourceVersionDate "2023.03.31"]
[SourceQuality "1"]
[WhiteTeam "Plauen Koenig"]
[BlackTeam "Ergolding"]
[WhiteTeamCountry "GER"]
[BlackTeamCountry "GER"]

1. e4 e5 2. Nf3 Nc6 3. d4 exd4 4. Bc4 Bb4+ 5. c3 dxc3 6. 0-0 Nge7 7. a3 Ba5 8. b4 Bb6 9. Ng5 Ne5 10. Ba2 h6 11. Bf4 c2 12. Qxc2 N7g6 13. Qc3 Qf6 14. Bxe5 Nxe5 15. Nh3 Bd4 16. Qg3 Bxa1 17. Nf4 c6 18. Nh5 Qg5 0-1

[Event "GER-chT U14"]
[Site "Willingen"]
[Date "2022.08.13"]
[Round "2.8"]
[White "Stiehl, Richard"]
[Black "Huber, Laura"]
[Result "1/2-1/2"]
[WhiteElo "1272"]
[BlackElo "1302"]
[PlyCount "69"]
[EventDate "2022.08.13"]
[EventType "team-swiss"]
[EventRounds "7"]
[EventCountry "GER"]
[SourceTitle "EXT 2023"]
[Source "ChessBase"]
[SourceDate "2022.10.05"]
[SourceVersion "1"]
[SourceVersionDate "2022.10.05"]
[SourceQuality "1"]
[WhiteTeam "Ingelheim"]
[BlackTeam "Ergolding FC"]
[WhiteTeamCountry "GER"]
[BlackTeamCountry "GER"]

1. e4 e5 2. Nf3 Nc6 3. Bc4 Bc5 4. d3 d6 5. h3 Na5 6. Bb3 Nxb3 7. axb3 Be6 8. Nc3 a6 9. Ne2 Ne7 10. Bd2 f5 11. b4 Bb6 12. Nc3 0-0 13. Ng5 Bd7 14. Na4 Ba7 15. c4 fxe4 16. Nxe4 Bc6 17. Nac3 Ng6 18. 0-0 Nf4 19. Be3 Bd7 20. Kh2 Qh4 21. Bxf4 Qxf4+ 22. g3 Qh6 23. h4 Qe6 24. Ng5 Qg4 25. Qxg4 Bxg4 26. f3 Bf5 27. Nge4 Bd4 28. g4 Be6 29. Ra2 Bxg4 30. Kg3 Be6 31. Rfa1 Rac8 32. b5 axb5 33. Nxb5 Bb6 34. Rc1 d5 35. Ng5 1/2-1/2

[Event "GER-ch U12 Girls"]
[Site "Willingen"]
[Date "2022.06.07"]
[Round "4"]
[White "Dodul, Alice"]
[Black "Huber, Laura"]
[Result "1/2-1/2"]
[WhiteElo "1329"]
[BlackElo "1340"]
[PlyCount "86"]
[EventDate "2022.06.04"]
[EventType "swiss"]
[EventRounds "9"]
[EventCountry "GER"]
[SourceTitle "CBM 208 Extra"]
[Source "ChessBase"]
[SourceDate "2022.07.31"]
[SourceVersion "1"]
[SourceVersionDate "2022.07.31"]
[SourceQuality "1"]

1. e4 e5 2. Nf3 Nc6 3. Bc4 Bc5 4. Nc3 d6 5. h3 Nf6 6. d3 Na5 7. Bb3 Nxb3 8. axb3 c6 9. Na4 Bb4+ 10. Bd2 Bxd2+ 11. Qxd2 b5 12. Nc3 0-0 13. 0-0 Bb7 14. Qe3 b4 15. Ne2 c5 16. c3 a5 17. Qg5 Nd7 18. Qg3 f5 19. Ng5 Qe7 20. exf5 Rxf5 21. h4 h6 22. Qg4 Rff8 23. Ne4 Nf6 24. Nxf6+ Rxf6 25. f4 Qe6 26. Qxe6+ Rxe6 27. fxe5 Rxe5 28. Nf4 Re3 29. Rfe1 Rxe1+ 30. Rxe1 g5 31. hxg5 hxg5 32. Re7 Ba6 33. Ne6 Bxd3 34. Nxg5 Bc2 35. cxb4 axb4 36. Ne4 Bxb3 37. Nxd6 Rd8 38. Ne4 Rd1+ 39. Kf2 Rb1 40. Nxc5 Rxb2+ 41. Kg3 Bd5 42. Ne4 Kf8 43. Re5 Bc6 1/2-1/2

[Event "GER-ch U12 Girls"]
[Site "Willingen"]
[Date "2022.06.06"]
[Round "3"]
[White "Huber, Laura"]
[Black "Hoffmann, Svenja"]
[Result "1-0"]
[WhiteElo "1340"]
[BlackElo "1284"]
[PlyCount "149"]
[EventDate "2022.06.04"]
[EventType "swiss"]
[EventRounds "9"]
[EventCountry "GER"]
[SourceTitle "CBM 208 Extra"]
[Source "ChessBase"]
[SourceDate "2022.07.31"]
[SourceVersion "1"]
[SourceVersionDate "2022.07.31"]
[SourceQuality "1"]

1. e4 e5 2. Bc4 Nf6 3. d3 h6 4. Nc3 Bc5 5. f4 d6 6. Nf3 c6 7. fxe5 dxe5 8. Na4 Bd6 9. Nc3 b5 10. Bb3 Bc5 11. Qe2 Bg4 12. Be3 Bd4 13. Qf2 Bxf3 14. Qxf3 Qb6 15. Bxd4 Qxd4 16. Qf2 a5 17. a3 0-0 18. Qxd4 exd4 19. Ne2 c5 20. h3 Nc6 21. Nf4 Ne5 22. Nd5 Nfd7 23. Ba2 Kh8 24. 0-0 g6 25. Rf2 c4 26. Rd1 Rac8 27. dxc4 Nxc4 28. Rxd4 Nde5 29. Bxc4 Nxc4 30. c3 Rcd8 31. Nc7 Rxd4 32. cxd4 b4 33. axb4 axb4 34. Ne6 Re8 35. Nc5 Kg7 36. g4 f6 37. Rc2 Ne3 38. Re2 Nc4 39. Kf2 h5 40. gxh5 gxh5 41. Kf3 Nd6 42. e5 fxe5 43. Rxe5 Rxe5 44. dxe5 Nc4 45. Nd3 b3 46. Kf4 Kg6 47. h4 Nb6 48. Ke4 Nc8 49. Nc5 Nb6 50. Nxb3 Nc4 51. Nd4 Nxb2 52. Kd5 Kf7 53. e6+ Ke8 54. Nf5 Nd3 55. Kd6 Nf4 56. Ng7+ Kf8 57. e7+ Kxg7 58. e8Q Ng6 59. Qe1 Kh6 60. Qe3+ Kh7 61. Qe4 Kg7 62. Ke6 Nf8+ 63. Kf5 Kg8 64. Qe8 Kh7 65. Qf7+ Kh6 66. Qxf8+ Kh7 67. Qf7+ Kh8 68. Qxh5+ Kg8 69. Qd1 Kg7 70. Qd6 Kf7 71. Qe6+ Kg7 72. Qf6+ Kh7 73. Qg5 Kh8 74. Kf6 Kh7 75. Qg7# 1-0

[Event "GER-ch U12 Girls"]
[Site "Willingen"]
[Date "2022.06.05"]
[Round "2"]
[White "Le, Thao Linh"]
[Black "Huber, Laura"]
[Result "1/2-1/2"]
[WhiteElo "1093"]
[BlackElo "1340"]
[PlyCount "48"]
[EventDate "2022.06.04"]
[EventType "swiss"]
[EventRounds "9"]
[EventCountry "GER"]
[SourceTitle "CBM 208 Extra"]
[Source "ChessBase"]
[SourceDate "2022.07.31"]
[SourceVersion "1"]
[SourceVersionDate "2022.07.31"]
[SourceQuality "1"]

1. e4 e5 2. Nc3 Nf6 3. f4 d5 4. fxe5 Nxe4 5. Qf3 Nxc3 6. bxc3 Be7 7. d4 0-0 8. Bd3 Be6 9. Ne2 c5 10. 0-0 c4 11. Bf5 Bxf5 12. Qxf5 Qd7 13. Qf3 f6 14. Nf4 fxe5 15. Qxd5+ Qxd5 16. Nxd5 Rxf1+ 17. Kxf1 Bd6 18. Ba3 Bxa3 19. Nc7 Na6 20. Nxa8 exd4 21. cxd4 b6 22. d5 Bd6 23. Re1 Kf7 24. g3 Nb4 1/2-1/2

[Event "EU Union-ch U12 18th"]
[Site "Mureck"]
[Date "2021.08.04"]
[Round "1"]
[White "Heron, Steve"]
[Black "Huber, Laura"]
[Result "1/2-1/2"]
[WhiteElo "1573"]
[BlackElo "1265"]
[PlyCount "73"]
[EventDate "2021.08.04"]
[EventType "swiss"]
[EventRounds "9"]
[EventCountry "AUT"]
[SourceTitle "EXT 2022"]
[Source "ChessBase"]
[SourceDate "2021.10.06"]
[SourceVersion "1"]
[SourceVersionDate "2021.10.06"]
[SourceQuality "1"]

1. e4 e5 2. Nf3 Nc6 3. Bc4 Bc5 4. Nc3 d6 5. d3 h6 6. Be3 Bb6 7. h3 Nf6 8. 0-0 0-0 9. Qd2 Be6 10. Bb3 Nd4 11. Bxd4 Bxd4 12. Nxd4 exd4 13. Ne2 c5 14. Nf4 Bxb3 15. axb3 d5 16. e5 Nd7 17. Rfe1 Re8 18. e6 Nf6 19. exf7+ Kxf7 20. Rxe8 Qxe8 21. Re1 Qd7 22. Ne6 b6 23. f4 Qxe6 24. Rxe6 Kxe6 25. Qe2+ Kf7 26. g4 Re8 27. Qg2 g5 28. fxg5 hxg5 29. Qh2 Re7 30. Qd6 Re6 31. Qb8 Re7 32. Qa8 Kg6 33. Qc8 Rd7 34. Qc6 Kf7 35. c4 dxc4 36. bxc4 Re7 37. Kf2 1/2-1/2

[Event "GER-chT U14"]
[Site "Willingen"]
[Date "2021.06.25"]
[Round "4.9"]
[White "Huber, Laura"]
[Black "Knuepfer, Johannes"]
[Result "1/2-1/2"]
[WhiteElo "1249"]
[BlackElo "1238"]
[PlyCount "92"]
[EventDate "2021.06.23"]
[EventType "team-swiss"]
[EventRounds "7"]
[EventCountry "GER"]
[SourceTitle "EXT 2022"]
[Source "ChessBase"]
[SourceDate "2021.10.06"]
[SourceVersion "1"]
[SourceVersionDate "2021.10.06"]
[SourceQuality "1"]
[WhiteTeam "Ergolding FC"]
[BlackTeam "Halle USV"]
[WhiteTeamCountry "GER"]
[BlackTeamCountry "GER"]

1. e4 e5 2. Nc3 Nf6 3. f4 exf4 4. Nf3 d5 5. e5 Ne4 6. d3 Nxc3 7. bxc3 Bc5 8. d4 Bb6 9. Bxf4 Be6 10. a4 Ba5 11. Ra3 h6 12. Bd3 Qe7 13. Rb3 Nd7 14. 0-0 0-0 15. Qe1 Nb6 16. Qg3 Kh8 17. Ra1 c5 18. Rba3 c4 19. Be2 Bf5 20. Bd1 Rac8 21. h4 Rc6 22. h5 Nd7 23. Nh4 Be4 24. Qh3 Bd8 25. Nf5 Bxf5 26. Qxf5 Qe6 27. Bg4 Qxf5 28. Bxf5 Nb6 29. a5 Nc8 30. Rb1 b6 31. Bxc8 Rxc8 32. Rb5 Be7 33. Ra1 Rfd8 34. axb6 axb6 35. Rxb6 Bg5 36. g3 Bxf4 37. gxf4 Rc7 38. Rab1 Ra7 39. Rb8 Rxb8 40. Rxb8+ Kh7 41. Rb5 Rd7 42. Rb6 Kg8 43. Rb8+ Kh7 44. Rb6 Kg8 45. f5 Kf8 46. Kf2 Ke8 1/2-1/2

[Event "GER-chT U14"]
[Site "Willingen"]
[Date "2021.06.24"]
[Round "2.9"]
[White "Huber, Laura"]
[Black "Lerchl, Justus"]
[Result "1-0"]
[WhiteElo "1249"]
[BlackElo "1467"]
[PlyCount "53"]
[EventDate "2021.06.23"]
[EventType "team-swiss"]
[EventRounds "7"]
[EventCountry "GER"]
[SourceTitle "EXT 2022"]
[Source "ChessBase"]
[SourceDate "2021.10.06"]
[SourceVersion "1"]
[SourceVersionDate "2021.10.06"]
[SourceQuality "1"]
[WhiteTeam "Ergolding FC"]
[BlackTeam "Vaterstetten Grasbrunn"]
[WhiteTeamCountry "GER"]
[BlackTeamCountry "GER"]

1. e4 c5 2. Nc3 d6 3. f4 a6 4. Nf3 g6 5. d4 cxd4 6. Qxd4 e5 7. fxe5 Bg7 8. Qxd6 Qxd6 9. exd6 Kd7 10. Ng5 Nh6 11. Bf4 f5 12. e5 Re8 13. e6+ Kc6 14. Bc4 Nd7 15. 0-0-0 Ne5 16. Bd5+ Kc5 17. Be3+ Kxd6 18. Bxb7+ Ke7 19. Bxa8 Bxe6 20. Bc5+ Kf6 21. Nxh7+ Kf7 22. Ng5+ Kf6 23. Nxe6 Kxe6 24. Rd6+ Kf7 25. Bd5+ Kf8 26. Rd7+ Re7 27. Rd8# 1-0

[Event "GER-chT U14"]
[Site "Willingen"]
[Date "2021.06.24"]
[Round "1.9"]
[White "Liu, Leon"]
[Black "Huber, Laura"]
[Result "1-0"]
[WhiteElo "1230"]
[BlackElo "1249"]
[PlyCount "85"]
[EventDate "2021.06.23"]
[EventType "team-swiss"]
[EventRounds "7"]
[EventCountry "GER"]
[SourceTitle "EXT 2022"]
[Source "ChessBase"]
[SourceDate "2021.10.06"]
[SourceVersion "1"]
[SourceVersionDate "2021.10.06"]
[SourceQuality "1"]
[WhiteTeam "Karlsruhe SF"]
[BlackTeam "Ergolding FC"]
[WhiteTeamCountry "GER"]
[BlackTeamCountry "GER"]

1. e4 e5 2. Nf3 Nc6 3. Nc3 Bc5 4. Nxe5 Nxe5 5. d4 Bd6 6. dxe5 Bxe5 7. Bc4 Qf6 8. Nd5 Qg6 9. 0-0 c6 10. Nf4 Qh6 11. Nh5 Qg6 12. Bf4 Bxb2 13. Rb1 Ba3 14. Qd4 Kf8 15. Be5 f6 16. Bd6+ Bxd6 17. Qxd6+ Ke8 18. Nf4 Qg5 19. Rbd1 Qe5 20. Qxe5+ fxe5 21. Nh5 Kf8 22. f4 d5 23. fxe5+ Ke7 24. Be2 g6 25. Nf6 dxe4 26. Nxe4 Bf5 27. Nd6 Bxc2 28. Rd2 Bf5 29. g4 Be6 30. Bc4 Nh6 31. Bxe6 Kxe6 32. g5 Ng4 33. Re2 Nxe5 34. Nc4 Kd5 35. Nxe5 Rhe8 36. Rd1+ Kc5 37. Rc2+ Kb5 38. Rb1+ Ka6 39. Rc5 Re6 40. Nd3 b6 41. Rc3 Rd6 42. Nc5+ Ka5 43. Ra3# 1-0

[Event "GER-ch U10 Girls"]
[Site "Willingen"]
[Date "2020.10.29"]
[Round "4"]
[White "Huber, Laura"]
[Black "Blaufuss, Lena"]
[Result "1-0"]
[WhiteElo "1249"]
[BlackElo "1073"]
[PlyCount "81"]
[EventDate "2020.10.26"]
[EventType "swiss"]
[EventRounds "7"]
[EventCountry "GER"]
[SourceTitle "CBM 199 Extra"]
[Source "ChessBase"]
[SourceDate "2021.01.31"]
[SourceVersion "1"]
[SourceVersionDate "2021.01.31"]
[SourceQuality "1"]

1. e4 e5 2. Nc3 Nc6 3. f4 Bc5 4. fxe5 Bxg1 5. Rxg1 Nxe5 6. d4 Ng6 7. g3 d6 8. Be3 Bd7 9. Bg2 Qe7 10. Qe2 Nf6 11. h3 Bc6 12. Qd3 0-0 13. 0-0-0 Rfb8 14. Rdf1 b5 15. e5 Bxg2 16. Rxg2 dxe5 17. Nxb5 e4 18. Qe2 Qb4 19. c4 c6 20. Nc7 a5 21. Nxa8 Rxa8 22. Qc2 a4 23. Qc3 Qxc3+ 24. bxc3 a3 25. Kc2 Rb8 26. Rb1 Rd8 27. Rb7 Nf8 28. Kb3 Ra8 29. Rb6 N8d7 30. Rxc6 h6 31. Rf2 Ra5 32. g4 Ra8 33. Bf4 g5 34. Be5 Nxe5 35. dxe5 Ne8 36. Re2 Rd8 37. Kc2 Rd3 38. Rxh6 Kg7 39. Ra6 Rxh3 40. Rxe4 Rg3 41. Rxa3 1-0

[Event "GER-ch U10 Girls"]
[Site "Willingen"]
[Date "2020.10.28"]
[Round "2"]
[White "Huber, Laura"]
[Black "Struebel, Katharina"]
[Result "1-0"]
[WhiteElo "1249"]
[BlackElo "1091"]
[PlyCount "93"]
[EventDate "2020.10.26"]
[EventType "swiss"]
[EventRounds "7"]
[EventCountry "GER"]
[SourceTitle "CBM 199 Extra"]
[Source "ChessBase"]
[SourceDate "2021.01.31"]
[SourceVersion "1"]
[SourceVersionDate "2021.01.31"]
[SourceQuality "1"]

1. e4 e5 2. Nf3 Nc6 3. Bc4 Bc5 4. d3 d6 5. h3 h6 6. 0-0 g5 7. g4 f6 8. Be3 Bb6 9. Nc3 h5 10. Nh2 Nge7 11. Qf3 Ng6 12. Bxg5 Rf8 13. Bh6 Rh8 14. Bg7 Rh7 15. Bxf6 Qd7 16. Qf5 Qxf5 17. gxf5 Rh6 18. Bg5 Rh7 19. fxg6 Rg7 20. Bf7+ Kd7 21. Bh6 Rxg6+ 22. Bxg6 Ke7 23. Nd5+ Kd7 24. Bf5+ Ke8 25. Nxb6 axb6 26. Bxc8 Rxc8 27. c3 Kd7 28. Kh1 Rg8 29. Rg1 Rh8 30. Rg7+ Ke8 31. Be3 Ne7 32. Rag1 Kf8 33. d4 exd4 34. Bxd4 c5 35. Rxe7 cxd4 36. Rxb7 dxc3 37. Rb8+ Kf7 38. Rxh8 cxb2 39. Rb1 Kg7 40. Rxh5 Kg6 41. Rf5 Kg7 42. Rxb2 Kh7 43. Rg5 Kh6 44. Rg4 Kh5 45. Rxb6 Kh6 46. Rb7 Kh5 47. Rh7# 1-0

[Event "GER-ch U10 Girls"]
[Site "Willingen"]
[Date "2020.10.27"]
[Round "1"]
[White "Peglau, Lorena"]
[Black "Huber, Laura"]
[Result "0-1"]
[WhiteElo "1061"]
[BlackElo "1249"]
[PlyCount "88"]
[EventDate "2020.10.26"]
[EventType "swiss"]
[EventRounds "7"]
[EventCountry "GER"]
[SourceTitle "CBM 199 Extra"]
[Source "ChessBase"]
[SourceDate "2021.01.31"]
[SourceVersion "1"]
[SourceVersionDate "2021.01.31"]
[SourceQuality "1"]

1. c4 e5 2. Nc3 Nf6 3. g3 Nc6 4. Bg2 Bc5 5. d3 h6 6. e4 d6 7. Nf3 Bg4 8. Qb3 Bxf3 9. Bxf3 Nd4 10. Qd1 Qd7 11. Bg2 0-0 12. Be3 Nh7 13. f4 Nc2+ 14. Qxc2 Bxe3 15. fxe5 dxe5 16. Qe2 Bd4 17. Qd2 f5 18. exf5 Qxf5 19. Bxb7 Bf2+ 20. Kd1 Qg4+ 21. Kc2 Rab8 22. Bd5+ Kh8 23. Rhf1 Bd4 24. Rf7 Rxf7 25. Bxf7 Rf8 26. Bd5 Rf2 27. Ne2 Rxe2 28. h3 Rxd2+ 29. Kxd2 Qxg3 30. Rf1 Qe3+ 31. Kc2 Qe2+ 32. Kb3 Qxf1 33. Kb4 Qxd3 34. a4 Bxb2 35. c5 Qxd5 36. a5 a6 37. h4 Ba3+ 38. Kxa3 Qxc5+ 39. Ka2 Qb4 40. h5 e4 41. Ka1 Qd2 42. Kb1 e3 43. Ka1 e2 44. Kb1 e1R# 0-1